| 000 | 00865nam a2200229 i 4500 | ||
|---|---|---|---|
| 001 | 179166 | ||
| 003 | ES-MaACL | ||
| 005 | 20231222063111.0 | ||
| 008 | 110921s2010 sp |||| | spa d | ||
| 020 | _a978-84-96624-58-0 | ||
| 080 | _a821.134.2-14"19" | ||
| 100 | 1 |
_aTorrego Díaz, Felisa, _d1955- _9142375 |
|
| 245 | 1 | 0 |
_aTemplo al aire / _cFelisa Torrego Díaz. |
| 260 |
_aValencia : _bInstituto de Estudios Modernistas, _c[2010] |
||
| 300 |
_a83 p. ; _c20 cm. |
||
| 490 | 1 |
_aLa torre de papel. Poesía ; _v91 |
|
| 830 | 0 |
_aLa torre de papel. Poesía ; _v91 _9224420 |
|
| 852 |
_aES-MaACL _j2306-F-7 _z. - Dedicatoria autógrafa de la autora |
||
| 852 |
_aES-MaACL _9179166 _jA-11549 _z Dedicatoria autógrafa de la autora _xDonación: Felisa Torrego Díaz _bR.146797 _cDEPO1 _dOlim: N-4553 |
||
| 942 |
_2udc _cMONOGRAFIA |
||
| 999 |
_c179166 _d179166 |
||